00337pab a2200133 454500008004000000100001800040245004000058260000900098300001100107362000800118650003000126650002300156773002400179180718b1999 xxu||||| |||| 00| 0 eng d aGill, Stephen aThe geopolitics of the Asian crisis c1999 ap.1-10 aMar aEconomic recession - Asia aEconomic recession aReview of the Month